| 000 | 00000nam##2200000za#4500 |
| 001 | 9.569814 |
| 003 | CaOODSP |
| 005 | 20210624181939 |
| 007 | cr ||||||||||| |
| 008 | 150406|2006||||xxc|||||o f|0| 0 eng|d |
| 040 | |aCaOODSP|beng |
| 043 | |an-cn--- |
| 086 | 1 |aNH18-1/341-2006E-PDF |
| 110 | 2 |aCanada Mortgage and Housing Corporation. |
| 245 | 10|aAccessory apartment regulations in census metropolitan areas in Canada = Règlements visant les appartements accessoires dans les régions métropolitaines de recensement du Canada |h[electronic resource] |
| 260 | |aOttawa - Ontario : |bCanada Mortgage and Housing Corporation |c2006. |
| 300 | |a87p.|bglossary, tables |
| 490 | 1 |aResearch report |
| 500 | |aChiefly tables in either English or French. Includes: Research highlight (Socio-economic series 06-006) under the title "Accessory apartment regulations in census metropolitan areas in Canada" --Y compris: Le point en recherche (Série socio-économique 06-006) sous le titre "Règlements visant les appartements accessoires dans les régions métropolitaines de recensement du Canada". |
| 546 | |a(Comprend du texte en français) |
| 590 | |a11-26-Supp|b2011-11-03 |
| 830 | #0|aResearch report (Canada Mortgage and Housing Corporation : Online)|w(CaOODSP)9.506068 |
| 856 | 40|ahttp://publications.gc.ca|qPDF|s1.83 MB|uhttps://publications.gc.ca/collections/collection_2011/schl-cmhc/nh18-1/NH18-1-341-2006-eng.pdf |